Handbuch der deutschen Zonenmarken 1945-46 (Record no. 2994)

000 -LEADER
fixed length control field 00699nam a22000977a 4500
008 - FIXED-LENGTH DATA ELEMENTS--GENERAL INFORMATION
fixed length control field 190614b ||||| |||| 00| 0 eng d
100 ## - MAIN ENTRY--AUTHOR'S NAME
Author's Name Wulbecke, M.
245 ## - TITLE STATEMENT
Title Handbuch der deutschen Zonenmarken 1945-46
260 ## - PUBLICATION, DISTRIBUTION, ETC. (IMPRINT)
Place of publication, distribution, etc. Hamburg. Germany
Name of publisher, distributor, etc. Gerhard Bauer
Date of publication, distribution, etc. 1947
650 ## - TOPICAL TERM (Tag)
Topical term or geographic name Allied Occupation -- Germany | Locals and Private Posts | 1945-1946 | Post World War II | Postage Paid | Fee Paid Mail | Provisionals and Forerunners | Occupation Issues | Postal Markings | Postal History | Catalogs and Price Lists | Forgeries and Counterfeits | Production | Errors and Varieties | Germany, West (1945-) | Germany, East (1945-) | Collecting -- Guides and Handbooks | Collecting -- Identification | Stamps -- Histories
Holdings
Withdrawn status Lost status Source of classification or shelving scheme Damaged status Koha normalized classification for sorting Not for loan Collection code Permanent Location Current Location Shelving location Date acquired Total Checkouts Full call number Barcode Date last seen Copy number Price effective from Koha item type
        G6081 L811 W961   Rudi Anders Northern Philatelic Library Northern Philatelic Library General Stacks 06/14/2019   G6081 L811 W961 1005406 06/14/2019 1 06/14/2019 Books

Powered by Koha